000 00592 a2200169 4500
999 _c5051
_d5051
010 _aENG-86704
020 _a817621180X
_c395.00
035 _aEN-70237
037 _bDBAD / PUB
082 1 4 _a230.3
100 _aAlderfer, Lauren
245 1 _aTeaching as a spiritual practice :
_cby Lauren Alderfer
_bcultivating ethical values for self-renewal and transformation /
260 _aNew Delhi
_bFull Circle
_c2006
270 _aJ-40, Jorbagh Lane
_bNew Delhi
_e110 003
_k24620063
_mfullcircle@vsnl.com
300 _a100p
_c23cm (pbk)
_bPhotos
942 _adpl
_cEN
_2ddc
_h230.3
_mALD